| 000 | 00379nam a2200157Ia 4500 | ||
|---|---|---|---|
| 008 | 221030s9999 xx 000 0 und d | ||
| 020 | _a8120311914 | ||
| 041 | _aEnglish | ||
| 082 |
_a105.23 _bShe |
||
| 100 | _aL. E. Shea | ||
| 245 | 4 |
_aThe Essence of Solid - State Electronics _cby L. E. Shea |
|
| 260 |
_bPHI _aNew Delhi _c1997 |
||
| 300 | _a75 | ||
| 650 | _aECE | ||
| 942 | _cBK | ||
| 999 |
_c4990 _d4990 |
||